Представление документа в формате MARC21

ПолеНазваниеЗначение
  Тип записи a
  Библиографический уровень m
001 Контрольный номер RU/URAIT/543881
003 Принадлежность контрольного номера https://urait.ru/bcode/543881
005 Дата корректировки 20240827112715.7
008 Кодируемые данные
020 Индекс ISBN __
a ISBN 978-5-534-17181-5
c Цена, тираж 929.00
040 Источник каталогиз. __
a Служба первич. каталог. ИКО Юрайт
b Код языка каталог. rus
c Служба, преобразующая запись ИКО Юрайт
041 Код языка издания 0_
a Код языка текста rus
044 Код страны публикации __
a Код страны публикации RU
073 _1
a 9785534171815
d 929.00
080 Индекс УДК __
a Индекс УДК 349.2(075.8)
084 Индекс другой классификации/Индекс ББК __
a Индекс другой классификации/Индекс ББК 67.405.1я73
2 Источник индекса rubbk
091 Индексы/ коды __
a Индекс ББК (DOS) 67.405.1я73
z rubbk
100 Автор 1_
a Автор Буянова М. О.
q Полное имя Марина Олеговна
230 __
a Электрон. дан.
245 Заглавие 00
a Заглавие Трудовое право. Общая часть
b Продолж. заглавия учебник
c Ответственность М. О. Буянова, С. О. Казаков, М. М. Панарина ; под редакцией М. О. Буяновой.
250 Сведения об издании __
a Основные сведения об издании 2-е изд.
b Дополнительные сведения об издании пер. и доп
260 Выходные данные 1_
a Место издания Москва
b Издательство Юрайт
c Дата издания 2024
300 Физическое описание __
a Объем 198 с
440 Серия _0
a Серия Высшее образование
500 Примечания __
a Примечание URL: https://urait.ru/bcode/543881 (дата обращения: 27.08.2024).
520 Аннотация __
a Аннотация В Общую часть трудового права входят нормы, относящиеся ко всем или большинству институтов трудового права. Она включает в себя институты, определяющие предмет и метод трудового права, цели и задачи трудового законодательства, принципы, источники, правоотношения, субъекты, а также основы социального партнерства в сфере труда. Материал изложен в соответствии с программой курса трудового права и образовательными стандартами подготовки магистров и бакалавров по направлению «Юриспруденция» и дает читателю объективную характеристику современного трудового права, а также понимание перспектив его развития в современных условиях. Соответствует актуальным требованиям федерального государственного образовательного стандарта высшего образования. Для студентов высших учебных заведений, обучающихся по юридическим направлениям, аспирантов, преподавателей вузов, научных и практических работников, а также для всех интересующихся проблемами современного трудового права.
538 Прим. о системных особенностях __
a Прим. о системных особенностях Режим доступа: Электронно-библиотечная система Юрайт, для авториз. пользователей
653 Ключевые слова 2_
a Ключевые слова Трудовое право
653 Ключевые слова 2_
a Ключевые слова Юридические науки
653 Ключевые слова 2_
a Ключевые слова Трудовое право
653 Ключевые слова 2_
a Ключевые слова Основы трудового права
653 Ключевые слова 2_
a Ключевые слова Трудовое право. Общая часть
653 Ключевые слова 2_
a Ключевые слова Трудовое законодательство
653 Ключевые слова 2_
a Ключевые слова Основы трудового законодательства
653 Ключевые слова 2_
a Ключевые слова Современное трудовое законодательство
653 Ключевые слова 2_
a Ключевые слова Особенности рассмотрения дел вытекающих из трудовых правоотношений
700 Другие авторы 1_
a Другие авторы Казаков С. О.
q Полное имя Сергей Олегович
700 Другие авторы 1_
a Другие авторы Панарина М. М.
q Полное имя Мария Михайловна
856 Электронный адрес документа 40
n Местонахождение сервера Юрайт
g Электронная книга
q Тип электронного формата html
h Имя пользователя ЮРАЙТ
v Часы доступа к ресурсу 20251231
2 Способ доступа Показать документ
x Служебное примечание https://urait.ru/book/cover/D4B7782C-B55E-4FD5-BB5A-DC1528D19250
u URL https://urait.ru/bcode/543881
856 Электронный адрес документа 41
q Тип электронного формата cover
u URL https://urait.ru/book/cover/D4B7782C-B55E-4FD5-BB5A-DC1528D19250